| 000 | 00629nam a2200217Ia 4500 | ||
|---|---|---|---|
| 999 |
_c5842 _d5842 |
||
| 020 | _a978-0-415-28515-5 | ||
| 082 | _a388.4 SMA-E | ||
| 100 | _aSmall, Kenneth A. | ||
| 245 | 0 | _aEconomics of urban transportation | |
| 260 |
_aLondon _bRoutledge _c2007 |
||
| 300 | _axvi, 276 | ||
| 504 | _aIncludes bibliography and index | ||
| 650 |
_aUrban transportation _vEconomic aspects |
||
| 650 |
_aTransportation _vRates |
||
| 650 |
_aTransportation _vfares |
||
| 650 | _aUrban transportation policy | ||
| 650 |
_aUrban transportation _vResearch |
||
| 650 | _aTransportation, Automotive | ||
| 700 | _aVerhoef, Erik T. | ||
| 942 | _cBK | ||